[Event "Paignton Premier 40th"]
[Site "Paignton"]
[Date "1990.09.02"]
[Round "1"]
[White "Parr, Frank"]
[Black "Lamb, H Michael"]
[Result "1-0"]
[WhiteElo "2240"]
[BlackElo "1936"]
[PlyCount "53"]
[EventDate "1990.09.02"]
[EventType "swiss"]
[EventRounds "7"]
[EventCountry "ENG"]
[SourceTitle "BritBase"]
[Source "John Saunders"]
[SourceDate "2025.02.21"]
[SourceVersion "1"]
[SourceVersionDate "2025.02.21"]
[SourceQuality "1"]

1. f4 d5 2. Nf3 c5 3. e3 Nf6 4. Be2 g6 5. d3 Bg7 6. O-O Nc6 7. Qe1 O-O 8. Kh1 Re8 9. d4 b6 10. c3 Ne4 11. Nbd2 f5 12. Qh4 e6 13. Qh3 Bd7 14. g3 a6 15. Qg2 b5 16. Nxe4 dxe4 17. Nd2 Qe7 18. Nb3 cxd4 19. exd4 h6 20. Be3 g5 21. a4 bxa4 22. Nc5 Bf6 23. Nxa4 Reb8 24. Ra2 Qd8 25. Nc5 a5 26. Bc4 Qe8 27. fxg5 {Source: Westward Ho (WECU Newsletter), May 1991} 1-0

[Event "Paignton Premier 40th"]
[Site "Paignton"]
[Date "1990.09.02"]
[Round "1"]
[White "Simons, Martin J"]
[Black "Soesan, Joseph Maurice"]
[Result "1-0"]
[WhiteElo "2096"]
[BlackElo "1888"]
[PlyCount "39"]
[EventDate "1990.09.02"]
[EventType "swiss"]
[EventRounds "7"]
[EventCountry "ENG"]
[SourceTitle "BritBase"]
[Source "John Saunders"]
[SourceDate "2025.02.21"]
[SourceVersion "1"]
[SourceVersionDate "2025.02.21"]
[SourceQuality "1"]

1. e4 c5 2. d4 cxd4 3. c3 dxc3 4. Nxc3 Nc6 5. Nf3 e6 6. Bc4 d6 7. O-O Nf6 8. Qe2 Be7 9. Rd1 Qa5 10. Bf4 O-O 11. Bxd6 Bxd6 12. Rxd6 e5 13. h3 Qc5 14. Rd2 Nd4 15. Nxd4 exd4 16. Nd5 Nxe4 $4 17. Qxe4 Qxc4 18. Rxd4 Qc5 19. Ne7+ Kh8 20. Qxh7+ {Source: Westward Ho (WECU Newsletter), May 1991} 1-0

[Event "Paignton Premier 40th"]
[Site "Paignton"]
[Date "1990.09.03"]
[Round "2"]
[White "Helbig, Paul D"]
[Black "Rogers, Jonathan W"]
[Result "0-1"]
[WhiteElo "2104"]
[BlackElo "2200"]
[PlyCount "64"]
[EventDate "1990.09.02"]
[EventType "swiss"]
[EventRounds "7"]
[EventCountry "ENG"]
[SourceTitle "BritBase"]
[Source "John Saunders"]
[SourceDate "2025.02.21"]
[SourceVersion "1"]
[SourceVersionDate "2025.02.21"]
[SourceQuality "1"]

1. c4 Nf6 2. g3 d5 3. cxd5 c6 4. dxc6 Nxc6 5. Bg2 e5 6. Nc3 Bc5 7. Nf3 e4 8. Ng5 Bxf2+ 9. Kxf2 Ng4+ 10. Kg1 Qxg5 11. Nxe4 Qe5 12. h3 Qd4+ 13. e3 Nxe3 14. Qe2 Nxg2+ 15. Kxg2 O-O 16. d3 Ne5 17. Rf1 b6 18. Bd2 Bb7 19. Kh2 Nxd3 20. Ng5 h6 21. Nxf7 Rxf7 22. Rxf7 Kxf7 23. Rf1+ Kg8 24. Qe6+ Kh7 25. Rf7 Nf4 26. Qf5+ Kh8 27. Qxf4 Qd5 28. Rxb7 Qxb7 29. Bc3 Kg8 30. Qc4+ Qf7 31. Qd4 Re8 32. Qd2 Qf3 {Source: Westward Ho (WECU Newsletter), May 1991} 0-1

[Event "Paignton Premier 40th"]
[Site "Paignton"]
[Date "1990.09.03"]
[Round "2"]
[White "Hempson, Peter W"]
[Black "Peters, Stephen G"]
[Result "1-0"]
[WhiteElo "2192"]
[BlackElo "2000"]
[PlyCount "63"]
[EventDate "1990.09.02"]
[EventType "swiss"]
[EventRounds "7"]
[EventCountry "ENG"]
[SourceTitle "BritBase"]
[Source "John Saunders"]
[SourceDate "2025.02.21"]
[SourceVersion "1"]
[SourceVersionDate "2025.02.21"]
[SourceQuality "1"]

1. d4 d5 2. c4 dxc4 3. Nf3 Nf6 4. e3 e6 5. Bxc4 c5 6. O-O a6 7. Qe2 b5 8. Bb3 Bb7 9. a4 Qb6 10. dxc5 Bxc5 11. Nc3 Qa5 12. e4 b4 13. e5 bxc3 14. exf6 Qb6 15. Bc4 gxf6 16. bxc3 Nd7 17. Bf4 Rg8 18. Rab1 Qc6 19. Rxb7 Qxb7 20. Bxe6 fxe6 21. Qxe6+ Kf8 22. Bh6+ Rg7 23. Rd1 Nb6 24. a5 Qf7 25. Qf5 Na4 26. Rd7 Be7 27. Qe4 Rc8 28. Qxa4 Rxc3 29. Qd4 Rc8 30. g3 Qe6 31. Bxg7+ Kxg7 32. Rxe7+ {Source: Westward Ho (WECU Newsletter), May 1991} 1-0

[Event "Paignton Premier 40th"]
[Site "Paignton"]
[Date "1990.09.03"]
[Round "2"]
[White "Lalic, Susan Kathryn"]
[Black "Tredinnick, Antony J"]
[Result "1-0"]
[WhiteElo "2256"]
[BlackElo "2048"]
[PlyCount "35"]
[EventDate "1990.09.02"]
[EventType "swiss"]
[EventRounds "7"]
[EventCountry "ENG"]
[SourceTitle "BritBase"]
[Source "John Saunders"]
[SourceDate "2025.02.21"]
[SourceVersion "1"]
[SourceVersionDate "2025.02.21"]
[SourceQuality "1"]

1. e4 c5 2. c3 d5 3. exd5 Qxd5 4. d4 Nc6 5. Nf3 Nf6 6. dxc5 Qxd1+ 7. Kxd1 e5 8. b4 Bg4 9. Kc2 Be7 10. Bb5 Nd7 11. Re1 Bxf3 12. gxf3 f5 13. Nd2 Kf7 14. Nc4 Kf6 15. Bb2 Rac8 16. Rad1 Rhd8 17. Bxc6 Rxc6 18. Rxd7 {Source: Westward Ho (WECU Newsletter), May 1991} 1-0

[Event "Paignton Premier 40th"]
[Site "Paignton"]
[Date "1990.09.03"]
[Round "2"]
[White "Walker, John"]
[Black "Parr, Frank"]
[Result "0-1"]
[WhiteElo "1744"]
[BlackElo "2240"]
[PlyCount "42"]
[EventDate "1990.09.02"]
[EventType "swiss"]
[EventRounds "7"]
[EventCountry "ENG"]
[SourceTitle "BritBase"]
[Source "John Saunders"]
[SourceDate "2025.02.21"]
[SourceVersion "1"]
[SourceVersionDate "2025.02.21"]
[SourceQuality "1"]

1. d4 f5 2. e4 fxe4 3. Nc3 Nf6 4. Bg5 Nc6 5. Bc4 d5 6. Bxf6 dxc4 7. Be5 Bf5 8. Nge2 Nxe5 9. dxe5 e6 10. O-O Bc5 11. Ng3 e3 12. Qf3 exf2+ 13. Kh1 O-O 14. Rad1 Qh4 15. Nxf5 Rxf5 16. Qxb7 Raf8 17. Ne4 Rh5 18. h3 Qg4 19. Kh2 Qf4+ 20. g3 Qf5 21. g4 Qxg4 {Source: Westward Ho (WECU Newsletter), May 1991} 0-1

[Event "Paignton Premier 40th"]
[Site "Paignton"]
[Date "1990.09.04"]
[Round "3"]
[White "Cooper, Lawrence"]
[Black "Wheeler, John Francis"]
[Result "1-0"]
[WhiteElo "2270"]
[BlackElo "2064"]
[PlyCount "35"]
[EventDate "1990.09.02"]
[EventType "swiss"]
[EventRounds "7"]
[EventCountry "ENG"]
[SourceTitle "BritBase"]
[Source "John Saunders"]
[SourceDate "2025.02.21"]
[SourceVersion "1"]
[SourceVersionDate "2025.02.21"]
[SourceQuality "1"]

1. e4 e5 2. Nf3 Nf6 3. Nxe5 d6 4. Nf3 Nxe4 5. c4 Be7 6. d4 O-O 7. Bd3 d5 8. O-O Bf5 9. cxd5 Qxd5 10. Bxe4 Bxe4 11. Nc3 Bxf3 12. Nxd5 Bxd5 13. Bf4 c6 14. Re1 Bb4 15. Re3 Rc8 16. Qg4 Na6 17. Be5 Bf8 18. Bxg7 {Source: Westward Ho (WECU Newsletter), May 1991} 1-0

[Event "Paignton Premier 40th"]
[Site "Paignton"]
[Date "1990.09.05"]
[Round "4"]
[White "Cooper, Lawrence"]
[Black "Arkell, Keith C"]
[Result "0-1"]
[WhiteElo "2270"]
[BlackElo "2448"]
[PlyCount "79"]
[EventDate "1990.09.02"]
[EventType "swiss"]
[EventRounds "7"]
[EventCountry "ENG"]
[SourceTitle "BritBase"]
[Source "John Saunders"]
[SourceDate "2025.02.21"]
[SourceVersion "1"]
[SourceVersionDate "2025.02.21"]
[SourceQuality "1"]

1. e4 c6 2. d4 d5 3. exd5 cxd5 4. c4 Nf6 5. Nc3 g6 6. Qb3 Bg7 7. cxd5 O-O 8. g3 Nbd7 9. Bg2 Nb6 10. Nge2 Bf5 11. O-O Bd3 12. d6 Qxd6 13. Bxb7 Rad8 14. Bf3 Bc4 15. Qc2 Nfd5 16. Bg5 h6 17. Nxd5 Bxd5 18. Bxd5 Nxd5 19. Bd2 Qa6 20. Rfe1 e6 21. Bc3 Rc8 22. Red1 Rfd8 23. Qd3 Qb7 24. Qf3 Rd7 25. Qd3 Rd6 26. Rac1 Ra6 27. Ra1 Rd8 28. Qc4 Rc6 29. Qb3 Rb6 30. Qc4 Rc6 31. Qb3 Qa6 32. Qc2 g5 33. Qd3 Qb7 34. Rab1 Rcd6 35. Qf3 R8d7 36. Qd3 e5 37. Qc4 exd4 38. Ba5 d3 39. Nc3 Ne7 40. Qb4 {time. Source: Westward Ho (WECU Newsletter), May 1991} 0-1

[Event "Paignton Premier 40th"]
[Site "Paignton"]
[Date "1990.09.05"]
[Round "4"]
[White "Helbig, Paul D"]
[Black "Moore, Gerald"]
[Result "0-1"]
[WhiteElo "2104"]
[BlackElo "2176"]
[PlyCount "80"]
[EventDate "1990.09.02"]
[EventType "swiss"]
[EventRounds "7"]
[EventCountry "ENG"]
[SourceTitle "BritBase"]
[Source "John Saunders"]
[SourceDate "2025.02.21"]
[SourceVersion "1"]
[SourceVersionDate "2025.02.21"]
[SourceQuality "1"]

1. c4 g6 2. g3 Bg7 3. Bg2 e5 4. Nc3 Nc6 5. Rb1 a5 6. a3 Nf6 7. Nf3 O-O 8. O-O Re8 9. b4 axb4 10. axb4 d5 11. cxd5 Nxd5 12. Nxd5 Qxd5 13. b5 Na7 14. Ng5 Qd8 15. Ne4 Bd7 16. Nc3 e4 17. b6 cxb6 18. Nxe4 Nb5 19. Bb2 Bc6 20. d3 Nd4 21. e3 Ba4 22. Qe1 Bc2 23. Bxd4 Bxd4 24. exd4 Bxd3 25. Rd1 Bxe4 26. Bxe4 f5 27. Bxb7 Rxe1 28. Rfxe1 Rb8 29. Bc6 b5 30. d5 Qd6 31. Re6 Qc5 32. Rde1 b4 33. R6e2 b3 34. Rb2 Qc3 35. Reb1 Qd3 36. Kg2 Kf8 37. Kg1 Rb4 38. Kg2 Ke7 39. Kg1 Kd6 40. Kg2 g5 {Source: Westward Ho (WECU Newsletter), May 1991} 0-1

[Event "Paignton Premier 40th"]
[Site "Paignton"]
[Date "1990.09.06"]
[Round "5"]
[White "Arkell, Keith C"]
[Black "Wiley, Thomas E"]
[Result "1-0"]
[WhiteElo "2448"]
[BlackElo "2296"]
[PlyCount "51"]
[EventDate "1990.09.02"]
[EventType "swiss"]
[EventRounds "7"]
[EventCountry "ENG"]
[SourceTitle "BritBase"]
[Source "John Saunders"]
[SourceDate "2025.02.21"]
[SourceVersion "1"]
[SourceVersionDate "2025.02.21"]
[SourceQuality "1"]

1. d4 d5 2. c4 c6 3. Nf3 Nf6 4. Nc3 dxc4 5. a4 a5 6. e4 Bg4 7. Bxc4 e6 8. Bg5 h6 9. Bh4 Bb4 10. Qd3 Bxf3 11. gxf3 Nbd7 12. f4 Qc7 13. e5 Nd5 14. f5 N7b6 15. Bxd5 Nxd5 16. Rg1 Rg8 17. Kf1 exf5 18. Qxf5 Nxc3 19. bxc3 Bxc3 20. Rc1 Bb4 21. Qh7 Rf8 22. Rxg7 Qd7 23. Qe4 Be7 24. e6 Qd6 25. Bxe7 Kxe7 26. Rxf7+ {Sources: Westward Ho (WECU Newsletter), May 1991; West Briton and Cornwall Advertiser, 11 October 1990} 1-0

[Event "Paignton Premier 40th"]
[Site "Paignton"]
[Date "1990.09.06"]
[Round "5"]
[White "Buckley, Graeme N"]
[Black "Mordue, A Tyson"]
[Result "0-1"]
[WhiteElo "2224"]
[BlackElo "2232"]
[PlyCount "64"]
[EventDate "1990.09.02"]
[EventType "swiss"]
[EventRounds "7"]
[EventCountry "ENG"]
[SourceTitle "BritBase"]
[Source "John Saunders"]
[SourceDate "2025.02.21"]
[SourceVersion "1"]
[SourceVersionDate "2025.02.21"]
[SourceQuality "1"]

1. d4 Nf6 2. c4 g6 3. Nc3 Bg7 4. e4 d6 5. f4 O-O 6. Nf3 c5 7. d5 e6 8. Be2 exd5 9. cxd5 Re8 10. e5 dxe5 11. fxe5 Ng4 12. Bg5 Qb6 13. O-O Bf5 14. d6 c4+ 15. Kh1 Nc6 16. Nd5 Qxb2 17. Bxc4 Rxe5 18. Ne7+ Rxe7 19. dxe7 Nf2+ 20. Rxf2 Qxf2 21. Bh4 Qb2 22. Rc1 Bf6 23. Bb3 Re8 24. Ba4 Rxe7 25. Bxc6 bxc6 26. Rxc6 Bxh4 27. Nxh4 Bg4 28. Qd8+ Kg7 29. h3 Re1+ 30. Kh2 Qe5+ 31. g3 Re2+ 32. Kh1 Qa1+ {Source: Westward Ho (WECU Newsletter), May 1991} 0-1

[Event "Paignton Premier 40th"]
[Site "Paignton"]
[Date "1990.09.06"]
[Round "5"]
[White "Collier, David O"]
[Black "Lalic, Susan Kathryn"]
[Result "1-0"]
[WhiteElo "2184"]
[BlackElo "2256"]
[PlyCount "81"]
[EventDate "1990.09.02"]
[EventType "swiss"]
[EventRounds "7"]
[EventCountry "ENG"]
[SourceTitle "BritBase"]
[Source "John Saunders"]
[SourceDate "2025.02.21"]
[SourceVersion "1"]
[SourceVersionDate "2025.02.21"]
[SourceQuality "1"]

1. b3 e5 2. Bb2 Nc6 3. e3 d6 4. Bb5 Bd7 5. Nf3 e4 6. Bxc6 bxc6 7. Nd4 Qg5 8. Rg1 d5 9. Qe2 Bd6 10. f4 Qh4+ 11. g3 Qh3 12. Nxc6 Bxc6 13. Bxg7 f6 14. Bxh8 Kf7 15. Nc3 Ne7 16. Bxf6 Kxf6 17. g4 Qh4+ 18. Qf2 Qxf2+ 19. Kxf2 d4 20. Ne2 d3 21. Nd4 Bd7 22. cxd3 exd3 23. Rac1 c5 24. Nf3 Nd5 25. a3 Rb8 26. Rb1 Re8 27. Kg3 h6 28. Rgc1 Bc6 29. Ne5 Bxe5 30. fxe5+ Kxe5 31. Rxc5 Kd6 32. Rc4 Nxe3 33. Rd4+ Nd5 34. Rxd3 Re2 35. a4 Ke5 36. h4 Ke4 37. Rf3 Rxd2 38. Re1+ Kd4 39. Re6 Nb4 40. Rf4+ Kd5 41. Rxh6 {Source: Westward Ho (WECU Newsletter), May 1991} 1-0

[Event "Paignton Premier 40th"]
[Site "Paignton"]
[Date "1990.09.06"]
[Round "5"]
[White "Moore, Gerald"]
[Black "Finn, Simon P"]
[Result "1-0"]
[WhiteElo "2176"]
[BlackElo "2208"]
[PlyCount "67"]
[EventDate "1990.09.02"]
[EventType "swiss"]
[EventRounds "7"]
[EventCountry "ENG"]
[SourceTitle "BritBase"]
[Source "John Saunders"]
[SourceDate "2025.02.21"]
[SourceVersion "1"]
[SourceVersionDate "2025.02.21"]
[SourceQuality "1"]

1. e4 d6 2. d4 Nf6 3. Nc3 g6 4. f4 Bg7 5. Nf3 O-O 6. Be2 c5 7. dxc5 Qa5 8. O-O Qxc5+ 9. Kh1 Bg4 10. Bd3 Nc6 11. Qe1 Nb4 12. f5 Bxf3 13. Rxf3 Nxd3 14. cxd3 Ng4 15. Qh4 Bxc3 16. Qxg4 Rac8 17. Bh6 Bxb2 18. Raf1 Bg7 19. Bxg7 Kxg7 20. Qh4 Qe5 21. Rh3 h5 22. Rhf3 b5 23. Qf2 Qc5 24. d4 Qc2 25. Qh4 Qd2 26. fxg6 Rc2 27. Rg3 f6 28. Qxh5 Rh8 29. Qd5 Qf2 30. Qf7+ Kh6 31. Ra1 Qxd4 32. Rg1 Rd2 33. g7 Rh7 34. g8=N# {Source: Westward Ho (WECU Newsletter), May 1991} 1-0

[Event "Paignton Premier 40th"]
[Site "Paignton"]
[Date "1990.09.06"]
[Round "5"]
[White "Peters, Stephen G"]
[Black "Ashby, Alan Peter"]
[Result "1-0"]
[WhiteElo "2000"]
[BlackElo "2064"]
[PlyCount "51"]
[EventDate "1990.09.02"]
[EventType "swiss"]
[EventRounds "7"]
[EventCountry "ENG"]
[SourceTitle "BritBase"]
[Source "John Saunders"]
[SourceDate "2025.02.21"]
[SourceVersion "1"]
[SourceVersionDate "2025.02.21"]
[SourceQuality "1"]

1. d4 Nf6 2. c4 c5 3. d5 e6 4. Nc3 d6 5. g3 exd5 6. cxd5 g6 7. Bg2 Bg7 8. Nf3 O-O 9. O-O Na6 10. e4 Nc7 11. Nd2 Rb8 12. a4 a6 13. Nc4 b5 14. Nxd6 Qxd6 15. e5 Qd8 16. exf6 Bxf6 17. Be3 b4 18. Ne4 Bxb2 19. Rb1 Bd4 20. Bxd4 cxd4 21. Qxd4 f5 22. Nc5 a5 23. d6 Na6 24. Bd5+ Rf7 25. Bxf7+ Kxf7 26. Qc4+ {Source: Westward Ho (WECU Newsletter), May 1991} 1-0

[Event "Paignton Premier 40th"]
[Site "Paignton"]
[Date "1990.09.07"]
[Round "6"]
[White "Finn, Simon P"]
[Black "Rogers, Jonathan W"]
[Result "1-0"]
[WhiteElo "2208"]
[BlackElo "2200"]
[PlyCount "59"]
[EventDate "1990.09.02"]
[EventType "swiss"]
[EventRounds "7"]
[EventCountry "ENG"]
[SourceTitle "BritBase"]
[Source "John Saunders"]
[SourceDate "2025.02.21"]
[SourceVersion "1"]
[SourceVersionDate "2025.02.21"]
[SourceQuality "1"]

1. e4 e5 2. Nf3 d5 3. Nxe5 Bd6 4. d4 dxe4 5. Nc3 Nf6 6. Bg5 Bf5 7. Bc4 O-O 8. Nd5 Nbd7 9. Nxd7 Qxd7 10. Bxf6 c6 11. Bxg7 Kxg7 12. Ne3 Bg6 13. Ng4 Qf5 14. Ne3 Qa5+ 15. Qd2 Bb4 16. c3 Be7 17. O-O Qh5 18. f4 exf3 19. Rxf3 Kh8 20. Raf1 Rae8 21. Nf5 Bg5 22. Qf2 Rg8 23. Nd6 Qh6 24. Bxf7 Be3 25. Rxe3 Rxe3 26. Bxg6 Qxg6 27. Nf7+ Kg7 28. Qxe3 Rf8 29. Qe5+ Kg8 30. Qh8# {Source: Westward Ho (WECU Newsletter), May 1991} 1-0

[Event "Paignton Premier 40th"]
[Site "Paignton"]
[Date "1990.09.07"]
[Round "6"]
[White "Wiley, Thomas E"]
[Black "Moore, Gerald"]
[Result "1-0"]
[WhiteElo "2296"]
[BlackElo "2176"]
[PlyCount "65"]
[EventDate "1990.09.02"]
[EventType "swiss"]
[EventRounds "7"]
[EventCountry "ENG"]
[SourceTitle "BritBase"]
[Source "John Saunders"]
[SourceDate "2025.02.21"]
[SourceVersion "1"]
[SourceVersionDate "2025.02.21"]
[SourceQuality "1"]

1. e4 c5 2. c3 e6 3. d4 d5 4. e5 Nc6 5. Nf3 Bd7 6. Be2 f6 7. O-O Qc7 8. Re1 O-O-O 9. Bf4 Nge7 10. Na3 Ng6 11. Bg3 fxe5 12. Nb5 Qb6 13. dxe5 Ncxe5 14. Nxa7+ Qxa7 15. Nxe5 Nxe5 16. Bxe5 Qb6 17. b4 Bd6 18. bxc5 Bxc5 19. Rb1 Qa7 20. Bd4 Bxd4 21. cxd4 Kb8 22. Bg4 Rhe8 23. Qd3 Rc8 24. Qg3+ Rc7 25. Qe5 g6 26. h4 Rec8 27. Rb4 Ka8 28. Bxe6 Bxe6 29. Qxe6 Qxa2 30. Rbb1 Kb8 31. Ra1 Qb2 32. Qxd5 Rc4 33. Rab1 {Source: Westward Ho (WECU Newsletter), May 1991} 1-0

[Event "Paignton Premier 40th"]
[Site "Paignton"]
[Date "1990.09.08"]
[Round "7"]
[White "Arkell, Keith C"]
[Black "Buckley, Graeme N"]
[Result "1/2-1/2"]
[WhiteElo "2448"]
[BlackElo "2224"]
[PlyCount "41"]
[EventDate "1990.09.02"]
[EventType "swiss"]
[EventRounds "7"]
[EventCountry "ENG"]
[SourceTitle "BritBase"]
[Source "John Saunders"]
[SourceDate "2025.02.21"]
[SourceVersion "1"]
[SourceVersionDate "2025.02.21"]
[SourceQuality "1"]

1. d4 Nf6 2. Nf3 g6 3. c4 Bg7 4. Nc3 O-O 5. g3 d6 6. Bg2 Nbd7 7. O-O e5 8. Qc2 Re8 9. b3 c6 10. Rd1 e4 11. Ng5 e3 12. fxe3 Nf8 13. e4 Qe7 14. e3 h6 15. Nf3 Nxe4 16. Qxe4 Qxe4 17. Nxe4 Rxe4 18. Ng5 Re8 19. Ne4 Bg4 20. Rf1 Rad8 21. Bd2 {Source: Westward Ho (WECU Newsletter), May 1991} 1/2-1/2

[Event "Paignton Premier 40th"]
[Site "Paignton"]
[Date "1990.09.08"]
[Round "7"]
[White "Bowley, Clive R"]
[Black "Hempson, Peter W"]
[Result "1-0"]
[WhiteElo "1936"]
[BlackElo "2192"]
[PlyCount "83"]
[EventDate "1990.09.02"]
[EventType "swiss"]
[EventRounds "7"]
[EventCountry "ENG"]
[SourceTitle "BritBase"]
[Source "John Saunders"]
[SourceDate "2025.02.21"]
[SourceVersion "1"]
[SourceVersionDate "2025.02.21"]
[SourceQuality "1"]

1. d4 e6 2. Nf3 f5 3. g3 Nf6 4. Bg2 Be7 5. O-O O-O 6. c4 c6 7. b3 a5 8. Nc3 d5 9. Qc2 Ne4 10. Ne5 Nd7 11. Nxd7 Bxd7 12. Nd1 Bf6 13. Bb2 Qe7 14. f3 Nd6 15. Nf2 f4 16. gxf4 Nf5 17. Qd2 Nh4 18. e3 Nxg2 19. Kxg2 Be8 20. Kh1 Bg6 21. a4 Rf7 22. Ba3 Qc7 23. Rac1 Bh4 24. Ng4 Bf5 25. Qg2 Kh8 26. Ne5 Rf6 27. e4 Rg6 28. Nxg6+ Bxg6 29. Qg4 Be7 30. Bxe7 Qxe7 31. f5 exf5 32. exf5 Bf7 33. c5 Qf6 34. Rce1 Rf8 35. Qf4 Bg6 36. Qe5 Qxf5 37. Qxf5 Rxf5 38. Re7 Rf4 39. Rxb7 Kg8 40. Re1 Rxf3 41. Ree7 Be4 42. Kg1 {Source: Westward Ho (WECU Newsletter), May 1991} 1-0

[Event "Paignton Premier 40th"]
[Site "Paignton"]
[Date "1990.09.08"]
[Round "7"]
[White "Wiley, Thomas E"]
[Black "Mordue, A Tyson"]
[Result "0-1"]
[WhiteElo "2296"]
[BlackElo "2232"]
[PlyCount "94"]
[EventDate "1990.09.02"]
[EventType "swiss"]
[EventRounds "7"]
[EventCountry "ENG"]
[SourceTitle "BritBase"]
[Source "John Saunders"]
[SourceDate "2025.02.21"]
[SourceVersion "1"]
[SourceVersionDate "2025.02.21"]
[SourceQuality "1"]

1. e4 c5 2. c3 d5 3. exd5 Qxd5 4. d4 e6 5. Nf3 Nf6 6. Na3 Nc6 7. Be2 cxd4 8. Nb5 Qd8 9. Nbxd4 Nxd4 10. Qxd4 Qxd4 11. Nxd4 Be7 12. Nb5 O-O 13. Be3 Nd5 14. Bxa7 Nf4 15. g3 Nxe2 16. Kxe2 Bd7 17. a4 Rfc8 18. Rhc1 e5 19. b3 f5 20. c4 g5 21. Bb6 Rc6 22. Nc7 Rc8 23. Nd5 Bf8 24. Rd1 Be8 25. Kf1 Bh5 26. Re1 Bf3 27. a5 Rh6 28. Re3 e4 29. Ke1 Rxh2 30. Rc1 Rc6 31. b4 f4 32. gxf4 gxf4 33. Rxf3 Rh1+ 34. Kd2 Rxc1 35. Rc3 Ra1 36. b5 Ra2+ 37. Kc1 Rh6 38. Kb1 Rd2 39. Rc2 Rh1+ 40. Kb2 Bg7+ 41. Nc3 Bxc3+ 42. Kxc3 Rxc2+ 43. Kxc2 Kf7 44. Bd4 Ke6 45. b6 Kd6 46. Be5+ Kxe5 47. a6 Rg1 {Source: Westward Ho (WECU Newsletter), May 1991} 0-1

[Event "Paignton Challengers"]
[Site "Paignton"]
[Date "1990.09.06"]
[Round "5"]
[White "Brusey, Alan W"]
[Black "Spanton, Timothy R"]
[Result "1-0"]
[WhiteElo "1944"]
[BlackElo "1776"]
[PlyCount "81"]
[EventDate "1990.09.02"]
[EventType "swiss"]
[EventRounds "7"]
[EventCountry "ENG"]
[SourceTitle "BritBase"]
[Source "John Saunders"]
[SourceDate "2025.02.21"]
[SourceVersion "1"]
[SourceVersionDate "2025.02.21"]
[SourceQuality "1"]

1. e4 e5 2. Nf3 Nc6 3. Be2 Nf6 4. d4 exd4 5. e5 Ne4 6. O-O Be7 7. Nxd4 Nxe5 8. Nf5 Bf6 9. Qd5 Nd6 10. Nxd6+ cxd6 11. Qxd6 Qe7 12. Qxe7+ Bxe7 13. Nc3 O-O 14. Bf4 Ng6 15. Be3 b6 16. Rad1 Rd8 17. Ne4 Bb7 18. Nd6 Bxd6 19. Rxd6 Nh4 20. Bg5 Nf5 21. Rd2 f6 22. Bg4 Ne7 23. Bf4 d5 24. Bc7 Re8 25. Bd7 Rf8 26. Bd6 Rfd8 27. Be6+ Kf8 28. Bc7 Re8 29. Bd7 Ng6 30. Bxe8 Rxe8 31. f3 Ne5 32. Bxe5 fxe5 33. Kf2 e4 34. fxe4 dxe4 35. Ke3+ Ke7 36. Rfd1 Bc6 37. Rd6 Rc8 38. c4 b5 39. cxb5 Bxb5 40. Kxe4 Bc6+ 41. Ke3 {Source: West Briton and Cornwall Advertiser, 11 October 1990} 1-0

[Event "Paignton Morning American"]
[Site "Paignton"]
[Date "1990.09.07"]
[Round "6"]
[White "Rendell, Richard W"]
[Black "Sandercock, E Barry"]
[Result "1-0"]
[WhiteElo "1816"]
[BlackElo "1784"]
[PlyCount "57"]
[EventDate "1990.09.02"]
[EventType "tourn"]
[EventRounds "7"]
[EventCountry "ENG"]
[SourceTitle "BritBase"]
[Source "John Saunders"]
[SourceDate "2025.02.21"]
[SourceVersion "1"]
[SourceVersionDate "2025.02.21"]
[SourceQuality "1"]

1. d4 Nf6 2. c4 e5 3. d5 Bc5 4. Nc3 O-O 5. e3 a5 6. Bd3 d6 7. Nge2 Nbd7 8. Ng3 Bb4 9. Bd2 Nc5 10. Bc2 Re8 11. a3 Bxc3 12. Bxc3 e4 13. O-O Qe7 14. Qd2 a4 15. Bd4 b6 16. Qc3 Kh8 17. f3 exf3 18. Rxf3 Bg4 19. Rxf6 Qd7 20. Rf4 f6 21. Bxf6 gxf6 22. Qxf6+ Kg8 23. Qg5+ Qg7 24. Qxg7+ Kxg7 25. Rxg4+ Kh8 26. Rf1 Rxe3 27. Rf7 Nd3 28. Nf1 Ne5 29. Rxh7# {Source: Westward Ho (WECU Newsletter), May 1991} 1-0

[Event "Paignton Morning American"]
[Site "Paignton"]
[Date "1990.09.08"]
[Round "7"]
[White "Rendell, Richard W"]
[Black "Speigel, Jack Alfred"]
[Result "1-0"]
[WhiteElo "1816"]
[BlackElo "1784"]
[PlyCount "63"]
[EventDate "1990.09.02"]
[EventType "tourn"]
[EventRounds "7"]
[EventCountry "ENG"]
[SourceTitle "BritBase"]
[Source "John Saunders"]
[SourceDate "2025.02.21"]
[SourceVersion "1"]
[SourceVersionDate "2025.02.21"]
[SourceQuality "1"]

1. d4 d5 2. c4 e6 3. Nc3 f5 4. Bf4 c6 5. e3 Nf6 6. h3 Ne4 7. Nf3 Nd7 8. Be2 Be7 9. Ne5 Nxe5 10. Bxe5 Bf6 11. Bh2 Bd7 12. O-O O-O 13. Rc1 Bg5 14. Nxe4 fxe4 15. Qb3 b6 16. Bg4 Rf6 17. Be5 Rh6 18. a4 Bf6 19. Bf4 g5 20. Bd6 Qe8 21. f4 e5 22. Bxd7 Qxd7 23. fxe5 Be7 24. Bxe7 Qxe7 25. cxd5 Rc8 26. Rxc6 Rcxc6 27. dxc6+ Kg7 28. Qd5 Qe6 29. Qd7+ Kg8 30. Qd8+ Kg7 31. Qf8+ Kg6 32. Rf6+ {Source: Westward Ho (WECU Newsletter), May 1991} 1-0